000 00397nam a2200157Ia 4500
001 25259
008 140411s9999 xx 000 0 und d
040 _cPK-LaUMT
082 _a 306.89
_bABU-M
100 _aJohn Abulafia
245 _aMen and divorce:
_bcoping, learning, starting afresh
_cJohn Abulafia
260 _aCollins:
_bFontana,
_c1990
300 _a195 p.
546 _aEN
942 _cBK
999 _c25433
_d25433